000 00377nam a2200133Ia 4500
008 100328s9999 xx 000 0 und d
082 _b59620
100 _aमयेकर प्रशांत शंकर.
245 _aरंगतरंग.
260 _bअजिंक्य.
630 _aरंगतरंग.
730 _aरंगतरंग.
942 _cBOOK
999 _c545829
_d545826